|
|
|
|
| LEADER |
01307nam a2200409 a 4500 |
| 001 |
GR-Patra5272 |
| 008 |
991022s gr 000 b eng d |
| 020 |
|
|
|a 0130160490
|
| 040 |
|
|
|a GrPaTEI
|b gre
|c GR-PaULI
|
| 245 |
0 |
0 |
|a Advertising management.
|
| 250 |
|
|
|a 3rd ed.
|
| 260 |
|
|
|b Prentice-Hall
|
| 300 |
|
|
|a xii, 564σ. :
|b εικ., πίν.
|
| 500 |
|
|
|a Includes bibliographies
|
| 650 |
|
0 |
|a Advertising
|
| 650 |
|
0 |
|a BUDGET
|
| 650 |
|
0 |
|a Communication
|
| 650 |
|
0 |
|a Management
|
| 650 |
|
0 |
|a MARKETING STRUCTURE
|
| 650 |
|
0 |
|a MEDIA
|
| 650 |
|
0 |
|a PLANNING
|
| 650 |
|
4 |
|a ΑΓΟΡΑ
|
| 650 |
|
4 |
|a ΔΙΑΦΗΜΙΣΗ
|
| 650 |
|
4 |
|a Διαφήμιση
|
| 650 |
|
4 |
|a ΔΙΟΙΚΗΣΗ
|
| 650 |
|
4 |
|a ΔΙΟΙΚΗΣΗ ΚΑΙ ΟΡΓΑΝΩΣΗ
|
| 650 |
|
4 |
|a Επικοινωνία
|
| 650 |
|
4 |
|a Μέσα μαζικής ενημέρωσης
|
| 650 |
|
4 |
|a Οργάνωση
|
| 650 |
|
4 |
|a ΠΡΟΥΠΟΛΟΓΙΣΜΟΣ
|
| 650 |
|
4 |
|a ΣΧΕΔΙΑΣΜΟΣ
|
| 700 |
1 |
|
|a Aaker, David A.
|
| 700 |
1 |
|
|a Myers, John G.
|
| 942 |
|
|
|2 ddc
|
| 952 |
|
|
|0 0
|1 0
|2 ddc
|4 0
|6 659_106800000000000_AAK
|7 0
|9 286389
|a LISK
|b LISK
|c BSC
|d 2021-01-17
|e 24
|f 0
|g 0.00
|l 0
|o 659.1068 AAK
|p 9241006653
|r 2021-01-17 00:00:00
|t 1
|w 2021-01-17
|y BK15
|x 19991024 0 1
|x GrPaTEI
|
| 971 |
|
|
|a .b26527789
|b 15-04-20
|c 23-09-16
|
| 999 |
|
|
|c 167087
|d 167087
|